书目信息 |
| 题名: |
Word/Excel 2010文秘办公应用典型实例
|
|
| 作者: | 杨强 , 刘凡馨 编著 | |
| 分册: | ||
| 出版信息: | 北京 清华大学出版社 2015 |
|
| 页数: | 17, 412页 | |
| 开本: | 26cm | |
| 丛书名: | Office办公应用非常之旅 | |
| 单 册: | ||
| 中图分类: | TP391.12 , TP391.13 | |
| 科图分类: | ||
| 主题词: | 汉字处理软件系统--Han Zi Chu Li Ruan Jian Xi Tong--基本知识 , 表处理软件--Biao Chu Li Ruan Jian--基本知识 | |
| 电子资源: | ||
| ISBN: | 978-7-302-35439-0 | |
| 000 | 01344nam 2200325 450 | |
| 001 | 1678070812 | |
| 005 | 20154308094350.0 | |
| 010 | @a978-7-302-35439-0@dCNY65.00 | |
| 010 | @a978-7-89395-194-7@b光盘 | |
| 100 | @a20150708d2015 em y0chiy50 ea | |
| 101 | 0 | @achi |
| 102 | @aCN@b110000 | |
| 105 | @aa z 000yy | |
| 106 | @ar | |
| 200 | 1 | @aWord/Excel 2010文秘办公应用典型实例@AWord/Excel 2010 Wen Mi Ban Gong Ying Yong Dian Xing Shi Li@f杨强, 刘凡馨编著 |
| 210 | @a北京@c清华大学出版社@d2015 | |
| 215 | @a17, 412页@c图@d26cm@e光盘1片 | |
| 225 | 2 | @aOffice办公应用非常之旅@AOffice Ban Gong Ying Yong Fei Chang Zhi Lu^ |
| 330 | @a本书内容包括:制作会议邀请函、制作宣传海报、编辑市场调查报告、制作部门工作计划表、制作学校信封和学生通知单、制作企业组织结构图、制作考试试卷、制作公司员工通讯录章、制作工资表、制作成绩分析表、制作产品销售表、制作项目进度表等。 | |
| 333 | @a广大初、中级用户,大中专院校相关专业教材及职场人员。 | |
| 410 | 0 | @12001 @aOffice办公应用非常之旅 |
| 606 | 0 | @a汉字处理软件系统@AHan Zi Chu Li Ruan Jian Xi Tong@x基本知识 |
| 606 | 0 | @a表处理软件@ABiao Chu Li Ruan Jian@x基本知识 |
| 610 | 0 | @aWord@aExcel |
| 690 | @aTP391.12@v5 | |
| 690 | @aTP391.13@v5 | |
| 701 | 0 | @a杨强@AYang Qiang@4编著 |
| 701 | 0 | @a刘凡馨@ALiu Fan Xin@4编著 |
| 801 | 0 | @aCN@b江苏新华@c20150511 |
| 905 | @aBZT@dTP391.12@e23 | |
| Word/Excel 2010文秘办公应用典型实例/杨强, 刘凡馨编著.-北京:清华大学出版社,2015 |
| 17, 412页:图;26cm+光盘1片.-(Office办公应用非常之旅) |
| 使用对象:广大初、中级用户,大中专院校相关专业教材及职场人员。 |
| ISBN 978-7-302-35439-0:CNY65.00 |
| 本书内容包括:制作会议邀请函、制作宣传海报、编辑市场调查报告、制作部门工作计划表、制作学校信封和学生通知单、制作企业组织结构图、制作考试试卷、制作公司员工通讯录章、制作工资表、制作成绩分析表、制作产品销售表、制作项目进度表等。 |
| ● |
| 相关链接 |
|
|
|
正题名:Word/Excel 2010文秘办公应用典型实例
索取号:TP391.12/23
 
预约/预借
| 序号 | 登录号 | 条形码 | 馆藏地/架位号 | 状态 | 备注 |
| 1 | 801152 | 2000801152 | 第二书库/ [索取号:TP391.12/23] | 在馆 | |
| 2 | 801153 | 2000801153 | 第二书库/ [索取号:TP391.12/23] | 在馆 | |
| 3 | 801154 | 2000801154 | 第二书库/ [索取号:TP391.12/23] | 在馆 |